000 00376nam a2200157Ia 4500
008 160316s2006 xxu||||| |||| 00| 0 eng d
082 _a331.210000
_bBHA
100 _aBharati-Arya Pragya
245 _aIs poverty a crime?
250 _a
260 _aNew Delhi
_bSahara Time
_c2006
300 _a2
_b
_c
365 _b
650 _a1. Poverty - child labour
700 _a
_a
999 _c40991
_d40991